zpět

Detail výsledku týmu

U Dvou dobráků PO, Opava

Datum a čas kvízu

39.5 Celkem bodů Celkový počet nahraných bodů na tomto kvízu bez doplňovacích otázek.
3. Pořadí na kvízu Konečné umístění týmu na tomto kvízu.

Zaznamenané odpovědi

# Otázka Odpověď Body Výsledky
1. V sobotu se v Praze odehrál za... Tatra 815 1
2. Mluvčí afghánského radikálního... Tálibán 1
3. Hudební festival TrutnOFF Brno... Parov Stelar 0
4. Minulý týden vydal Krajský sou... Mladá fronta 1
5. Zraní-li se anebo je-li vylouč... dělá rolbaře 1
6. Na tento týden připadá období... bachyně 1
7. S tímto zvláštně vypadajícím p... (prase) bradavičnaté 1
8. Již delší dobu se experimentuj... xenotransplantace 1
9. Prase je čistotné a inteligent... D 0
10. Obliba miniprasátek jako domác... Alan Alexander Milne 0